Упругие свойства металлокерамики на основе монокарбида вольфрама при низких температурах

Détails bibliographiques
Collectivité auteur: Ред. журн. "Известия вузов. Физика"
Autres auteurs: Ботаки А. А. Александр Анджелович, Ульянов В. Л. Владимир Леонтьевич, Гурченок А. А., Чернов И. П. Иван Петрович
Résumé:Деп. в ВИНИТИ 29.06.87, N 4770-В87
Проведены экспериментальные исследования упругих свойств металлокерамических сплавов на основе монокарбида вольфрама марок ВК 6, ВК 8, ВК 10, ВК 15, ВК 20 и ВК 25 акустическими методами. Установлено, что с понижением температуры (в интервале 295-100 К) модули Юнга и сдвига металлокерамики всех марок увеличиваются практически по линейному закону. Построены эмпирические уравнения температурных зависимостей этих модулей упругости, позволяющие определить их численные значения в области температур T<100 К. Значения модулей Юнга и сдвига и скорости их изменения с температурой тем выше, чем меньше содержание кобальта в материале. Проведены вычисления модулей упругости металлокерамики по модели керамики в виде изотропной смеси анизотропных фаз, которая качественно правильно описывает изменения модулей упругости от состава материала.
В фонде НТБ ТПУ отсутствует
Langue:russe
Publié: Томск, 1987
Sujets:
Format: Livre
KOHA link:https://koha.lib.tpu.ru/cgi-bin/koha/opac-detail.pl?biblionumber=598670

MARC

LEADER 00000nam0a2200000 4500
001 598670
005 20250917071654.0
029 0 0 |a RU  |b 4770-В87  |f ВИНИТИ 
035 |a (RuTPU)RU\TPU\tpu\22385 
035 |a RU\TPU\tpu\22368 
090 |a 598670 
100 |a 20121226j19870629k y0rusy50 ca 
101 0 |a rus 
102 |a RU 
105 |a y z 000zy 
200 1 |a Упругие свойства металлокерамики на основе монокарбида вольфрама при низких температурах  |f А. А. Ботаки [и др.]  |g ред. журн. "Известия вузов. Физика" 
210 |a Томск  |d 1987 
215 |a 15 с.  |c ил. 
300 |a Деп. в ВИНИТИ 29.06.87, N 4770-В87  
320 |a Библиогр.: 12 назв. 
330 |a Проведены экспериментальные исследования упругих свойств металлокерамических сплавов на основе монокарбида вольфрама марок ВК 6, ВК 8, ВК 10, ВК 15, ВК 20 и ВК 25 акустическими методами. Установлено, что с понижением температуры (в интервале 295-100 К) модули Юнга и сдвига металлокерамики всех марок увеличиваются практически по линейному закону. Построены эмпирические уравнения температурных зависимостей этих модулей упругости, позволяющие определить их численные значения в области температур T<100 К. Значения модулей Юнга и сдвига и скорости их изменения с температурой тем выше, чем меньше содержание кобальта в материале. Проведены вычисления модулей упругости металлокерамики по модели керамики в виде изотропной смеси анизотропных фаз, которая качественно правильно описывает изменения модулей упругости от состава материала. 
333 |a В фонде НТБ ТПУ отсутствует 
610 1 |a труды учёных ТПУ 
610 1 |a депонированные рукописи 
701 1 |a Ботаки  |b А. А.  |c физик  |c доцент Томского политехнического университета, кандидат физико-математических наук  |f 1950-  |g Александр Анджелович  |3 (RuTPU)RU\TPU\pers\26938 
701 1 |a Ульянов  |b В. Л.  |c российский физик  |c профессор Томского политехнического университета  |f 1947-2006  |g Владимир Леонтьевич  |3 (RuTPU)RU\TPU\pers\22016  |9 9313 
701 1 |a Гурченок  |b А. А. 
701 1 |a Чернов  |b И. П.  |c физик  |c профессор Томского политехнического университета, доктор физико-математических наук  |f 1935-2025  |g Иван Петрович  |x TPU  |y Томск  |3 (RuTPU)RU\TPU\pers\12909  |9 3694 
712 0 2 |a Ред. журн. "Известия вузов. Физика"  |c Томск 
801 1 |a RU  |b 63413507  |c 20120220 
801 2 |a RU  |b 63413507  |c 20130220  |g RCR 
942 |c BK